| 000 | 00492nam a2200157 4500 | ||
|---|---|---|---|
| 001 | 120217 | ||
| 003 | ES-MaACL | ||
| 005 | 20230906191505.0 | ||
| 007 | t| | ||
| 008 | 070214s1960 sp r ||||1| spa d | ||
| 100 | 1 |
_aPérez Zalabardo, María Concepción. _991228 |
|
| 245 | 1 | 0 |
_aAntonio Machado poeta de Soria / _cMaría Concepción Pérez Zalabardo. |
| 260 |
_aSoria : _b[s.n.], _c1960 ( _fImp. Provincial) |
||
| 300 |
_a173 p., 10 lám. ; _c25 cm. |
||
| 852 |
_aES-MaACL _jC-19156 _bR.46351 |
||
| 999 |
_c120217 _d120217 |
||